000 00567nam a2200181Ia 4500
005 20250508150747.0
008 008 250505s9999 xx 000 0 eng d
037 _aTextual
040 _aFEDL
_beng
_cFEDL
041 _aeng
_2eng
084 _a373, DOU
_qFEDL
100 _aDouglass Aubrey A
_992389
245 0 _aModern secondary education : Principles and practices (A revision of secondary education )
260 _aBoston, USA
_bHoughton Mifflin Company
_c1938
300 _axviii,782p
942 _cTEXL
_h373, DOU
999 _c1325508
_d1325508